Devine le rappeur 9 - Statistiques

Statistiques générales
  • Ce quiz a été pris 37 fois
  • Le résultat moyen est 5 sur 15
Statistiques - réponses
Hint Réponse % Correct
Humanoïde Nekfeu
91%
No life Ninho
77%
Late nights Hamza
57%
Hello. raw-z Laylow
57%
Petite bulle Josman
49%
Obito Bushi
46%
Gustavo Gaviria Lacrim
34%
High Plk
34%
Mama Jul
31%
Prince de la calle Sdm
26%
L’appel La fève
14%
Pardonnez-moi A2h
6%
J’ai mal Aya nakamura
6%
Les anges dans des robes rouges Georgio
6%
2 gouttes d’eau Bekar
0%
Aucun quiz correspondant
Distribution des résultats
% des personnes avec chaque résultat
Percentile par nombre de réponses
Votre historique - résultats
Vous n’avez pas pris ce quiz